Statistiques concernant Pays avec la plus grande zone économique exclusive (ZEE)

Cliquez ici pour prendre le quiz!

Statistiques générales

  • Ce quiz a été pris 198 fois
  • Le résultat moyen est 14 sur 20

Statistiques - réponses

km carrépays% Correct
11 692 000France
99%
11 351 000Etats-Unis
97%
7 567 000Russie
95%
5 599 000Canada
92%
6 806 000Royaume-Uni
91%
8 505 000Australie
90%
3 661 000Brésil
88%
4 479 000Japon
88%
2 305 000Inde
84%
3 269 000Mexique
82%
6 159 000Indonésie
78%
3 682 000Chili
77%
2,385,000Norvège
71%
4 084 000Nouvelle-Zélande
70%
2 551 000Danemark
55%
1 727 000Portugal
54%
2 996 000Micronésie
39%
3 442 000Kiribati
32%
2 402 000Papouasie-
Nouvelle-Guinée
32%
1 991 000Îles Marshall
27%

Distribution des résultats

Percentile par nombre de réponses

% des personnes avec chaque résultat

Votre développement - résultats

Vous n’avez pas pris ce quiz